Baudelaire / (Record no. 140584)

MARC details
000 -LEADER
campo de control de longitud fija 00619nam a2200217 i 4500
001 - NÚMERO DE CONTROL
campo de control 140584
003 - IDENTIFICADOR DE NÚMERO DE CONTROL
campo de control ES-MaACL
005 - FECHA Y HORA DE LA ÚLTIMA TRANSACCIÓN
campo de control 20230906200116.0
007 - CAMPO FIJO DE DESCRIPCIÓN FÍSICA--INFORMACIÓN GENERAL
campo de control de longitud fija t|
008 - DATOS DE LONGITUD FIJA--INFORMACIÓN GENERAL
campo de control de longitud fija 070214s1931 fr r ||||1| fre d
100 1# - ENTRADA PRINCIPAL--NOMBRE DE PERSONA
Nombre de persona Seillière, Ernest.
9 (RLIN) 105268
245 10 - MENCIÓN DEL TÍTULO
Título Baudelaire /
Mención de responsabilidad, etc. Ernest Seillière.
260 ## - PUBLICACIÓN, DISTRIBUCIÓN, ETC.
Lugar de publicación, distribución, etc. Paris :
Nombre del editor, distribuidor, etc. Libraire Armand Colin,
Fecha de publicación, distribución, etc. 1931 (
Lugar de fabricación/manufactura Chartres :
Fabricante Durand)
300 ## - DESCRIPCIÓN FÍSICA
Extensión 270 p. ;
Dimensiones 20 x 14 cm.
490 1# - MENCIÓN DE SERIE
Mención de serie Ames et visages
600 14 - PUNTO DE ACCESO ADICIONAL DE MATERIA--NOMBRE DE PERSONA
Nombre de persona Baudelaire, Charles.
9 (RLIN) 26513
830 0# - PUNTO DE ACCESO ADICIONAL DE SERIE-TÍTULO UNIFORME
Título uniforme Ames et visages
9 (RLIN) 183584
852 ## - LOCALIZACIÓN
Ubicación ES-MaACL
Número de control de estantería A-512
852 ## - LOCALIZACIÓN
Ubicación ES-MaACL
Número de control de estantería A-2276
Holdings
Estatus retirado Estado de pérdida Estado de daño No para préstamo Biblioteca de origen Biblioteca actual Ubicación en estantería Fecha de adquisición Fuente de adquisición Total de préstamos Signatura topográfica completa Código de barras Visto por última vez Precio de reemplazo Tipo de ítem Koha
        Biblioteca del Ateneo de Madrid Biblioteca del Ateneo de Madrid Sala Pecera Planta 1 17/01/2008     A-2276 1146294 23/02/2023 23/02/2023 Libro impreso
        Biblioteca del Ateneo de Madrid Biblioteca del Ateneo de Madrid Sala Pecera Planta 1 17/01/2008     A-512 1146293 23/02/2023 23/02/2023 Libro impreso